000 00461nam a2200157Ia 4500
999 _c214
_d214
003 OSt
005 20210917104127.0
008 190216s9999||||xx |||||||||||||| ||und||
040 _coclc
082 _a492.7
_bMAD/S
100 _aMadani, M A Hameed
_98864
245 0 _aSpoken Arabic Of Arabian Gulf /
_cM A Hameed Madani
260 _bAl Hind Book Stall,
_aCalicut:
_c1980.
300 _a116p
942 _cBK
_2ddc
_h492.7
_iMAD/S
_k492.7
_mMAD/S